| 000 | 00562nam a22002057a 4500 | ||
|---|---|---|---|
| 005 | 20260515114937.0 | ||
| 008 | 230121b ||||| |||| 00| 0 eng d | ||
| 020 | _a9789391447786 | ||
| 040 |
_aIN-DiNC _cIN-DiNC |
||
| 041 | _deng | ||
| 082 |
_a155.4/ _bGOG |
||
| 100 |
_aGogoi, Poban _eauthor |
||
| 245 |
_aChild and Adolescent Psychology _cby Poban Gogoi and Bornali Deka |
||
| 250 | _a1st ed. | ||
| 260 |
_aGolaghat: _bSaraswati Prakashan, _c2022. |
||
| 300 | _a299p. | ||
| 650 | _aChild Psychology | ||
| 700 |
_aDeka, Bornali _eauthor |
||
| 942 |
_2ddc _cBK |
||
| 999 |
_c11455 _d11455 |
||